| 000 | 00000nam 2200000zi 4500 |
| 001 | 9.942154 |
| 003 | CaOODSP |
| 005 | 20241231081855 |
| 006 | m o d f |
| 007 | cr cn||||||||| |
| 008 | 240820s2024 onc ob f000 0 eng d |
| 020 | |a9780660732626 |
| 040 | |aCaOODSP|beng|erda|cCaOODSP |
| 043 | |an-cn--- |
| 086 | 1 |aD96-121/2024E-PDF |
| 245 | 00|aCyber security readiness goals : |bcross-sector toolkit. |
| 250 | |aVersion 1.0 |
| 264 | 1|a[Ottawa] : |bCommunications Security Establishment Canada, Canadian Centre for Cyber Security = Centre de la sécurité des télécommunications Canada, Centre canadien pour la cybersécurité, |c[2024] |
| 300 | |a1 online resource (24 pages) |
| 336 | |atext|btxt|2rdacontent |
| 337 | |acomputer|bc|2rdamedia |
| 338 | |aonline resource|bcr|2rdacarrier |
| 500 | |aCover title. |
| 500 | |aIssued also in French under title: Objectifs relatifs à l'état de préparation en matière de cybersécurité : boîte à outils des objectifs intersectoriels. |
| 504 | |aIncludes bibliographical references. |
| 520 | |a"The Cross-Sector Toolkit is linked to the Cyber Centre’s CRGs publication. The Cross-Sector Toolkit has 36 CRGs to support Canadian CI owners and operators, from any sector, in prioritizing investments in cyber security and to elevate their cyber security posture"--Page 1. |
| 650 | 0|aComputer security|zCanada|xComputer network resources. |
| 650 | 0|aCyber intelligence (Computer security)|zCanada. |
| 710 | 2 |aCommunications Security Establishment (Canada), |eissuing body. |
| 710 | 2 |aCanadian Centre for Cyber Security, |eissuing body. |
| 775 | 08|tObjectifs relatifs à l'état de préparation en matière de cybersécurité : |w(CaOODSP)9.942157 |
| 856 | 40|qPDF|s432 KB|uhttps://publications.gc.ca/collections/collection_2024/cstc-csec/D96-121-2024-eng.pdf |
| 856 | 4 |qHTML|sN/A|uhttps://www.cyber.gc.ca/en/cyber-security-readiness/cross-sector-cyber-security-readiness-goals-toolkit |